Statistiques concernant Départements français en 5 lettres

Cliquez ici pour prendre le quiz!

Statistiques générales

  • Ce quiz a été pris 112 fois
    (106 depuis la dernière actualisation)
  • Le résultat moyen est 8 sur 12

Statistiques - réponses

Réponse% Correct
Loire
88%
Aisne
80%
Marne
74%
Rhône
69%
Isère
64%
Meuse
64%
Doubs
62%
Indre
61%
Drôme
59%
Paris
59%
Yonne
54%
Somme
47%

Distribution des résultats

Percentile par nombre de réponses

% des personnes avec chaque résultat

Votre développement - résultats

Vous n’avez pas pris ce quiz depuis la dernière actualisation